000 00823nam a22002651 4500
001 75952
003 BD-RjUL
005 20211209082752.0
008 190923s1963 nyua b 000 0 eng
035 _a(BD-RjUL)76171
040 _aDLC
_cDLC
_dDLC
_dBD-RjUL
_beng
041 _aeng
082 0 0 _223
_a658.4034
_bACM 1967
100 1 _aAckoff, Russell Lincoln,
_d1919-
_9233101
245 1 2 _aA manager's guide to operations research /
_c[by] Russell L. Ackoff [and] Patrick Rivett.
260 _aNew York :
_bWiley,
_c1963 [reprint 1964,1967]
300 _a107 p.:
_billus.;
_c22 cm.
504 _aIncludes bibliography.
650 0 _aOperations research.
_9233102
650 0 _aIndustrial management.
_9233103
700 1 _aRivett, Patrick,
_9233107
942 _2ddc
_cBK
999 _c75952
_d75952